[Event "Dauphine Savoie-ch"]
[Site "Eybens Chambery"]
[Date "2014.05.25"]
[Round "3"]
[White "Bandet, Raphael"]
[Black "Marigny, Damien"]
[Result "0-1"]
[WhiteElo "1984"]
[BlackElo "1908"]
[PlyCount "64"]
[EventDate "2014.05.24"]
[EventType "swiss"]
[EventRounds "7"]
[EventCountry "FRA"]
[SourceTitle "EXT 2015"]
[Source "ChessBase"]
[SourceDate "2014.11.20"]
[SourceVersion "1"]
[SourceVersionDate "2014.11.20"]
[SourceQuality "1"]

1. e4 c5 2. Nf3 Nc6 3. d4 cxd4 4. Nxd4 g6 5. Nc3 Bg7 6. Be3 Nf6 7. Bc4 0-0 8. Bb3 a5 9. f3 d5 10. exd5 Nb4 11. Nde2 a4 12. Nxa4 Nfxd5 13. Bd4 e5 14. Bc5 Rxa4 15. Bxf8 Bxf8 16. Bxa4 Qa5 17. Nc3 Nxc3 18. bxc3 Qxa4 19. cxb4 Bxb4+ 20. Kf1 Be6 21. h3 Bc5 22. g3 e4 23. f4 e3 24. Kg2 Bd5+ 25. Kh2 Bxh1 26. Kxh1 Qe4+ 27. Kh2 e2 28. Qd8+ Kg7 29. Qd2 Qf3 30. Qa5 b6 31. Qd2 Bf2 32. Qd7 Bxg3+ 0-1